000 00347nam a2200133Ia 4500
008 100328s9999 xx 000 0 und d
082 _b28628
100 _aघडयाळे राजश्री
245 _aखानदान
260 _bसुर्य
630 _aखानदान
730 _aखानदान
942 _cBOOK
999 _c519943
_d519940